| 000 | 01026nam a22002417a 4500 | ||
|---|---|---|---|
| 008 | 240605b mp ||||| |||| 00| 0 mon d | ||
| 020 | _a978-99973-1-603-5 | ||
| 035 | _a29099 | ||
| 040 |
_aDA0445040 _bmon _cMN-UlNLM _dMN-UlNLM _erda |
||
| 041 | _amon | ||
| 042 | _a61023 | ||
| 084 |
_221 _a808.899282334 _bФ.131 |
||
| 100 | _aФавилли Э., Франческа К. | ||
| 245 | 0 | _aТэрслүү охидод зориулсан бяцхан түүхүүд 2 | |
| 264 |
_aУлаанбаатар _bМонсудар ХГ _c2019 |
||
| 300 | _a212 х. | ||
| 336 |
_2rdacontent _atext _btxt |
||
| 337 |
_2rdamedia _aunmediated _bn |
||
| 338 |
_2rdacarrier _avolume _bnc |
||
| 650 | _aНью-Йорк Таймсын дуулиан тарьсан бестселлерийн хоёр дахь боть дэлхийн өнцөг булан бүрд аж төрж буй охидод,том мөрөөдөж, илүүд зо... | ||
| 942 |
_210-t _cBK |
||
| 999 |
_c764791 _d764848 |
||